LEADER 02159nam 2200637 450 001 996466766403316 005 20220823104616.0 010 $a3-540-34845-X 024 7 $a10.1007/BFb0077071 035 $a(CKB)1000000000438772 035 $a(SSID)ssj0000324164 035 $a(PQKBManifestationID)12072233 035 $a(PQKBTitleCode)TC0000324164 035 $a(PQKBWorkID)10304859 035 $a(PQKB)10952903 035 $a(DE-He213)978-3-540-34845-0 035 $a(MiAaPQ)EBC5576543 035 $a(Au-PeEL)EBL5576543 035 $a(OCoLC)1066189509 035 $a(MiAaPQ)EBC6819038 035 $a(Au-PeEL)EBL6819038 035 $a(OCoLC)793077833 035 $a(PPN)155178873 035 $a(EXLCZ)991000000000438772 100 $a20220823d1966 uy 0 101 0 $aeng 135 $aurnn|008mamaa 181 $ctxt 182 $cc 183 $acr 200 10$aIntroduction to the theory of analytic spaces /$fRaghavan Narasimhan 205 $a1st ed. 1966. 210 1$aBerlin ;$aHeidelberg ;$aNew York :$cSpringer-Verlag,$d[1966] 210 4$d©1966 215 $a1 online resource (III, 143 p.) 225 1 $aLecture notes in mathematics ;$v25 300 $aBibliographic Level Mode of Issuance: Monograph 311 $a3-540-03608-3 320 $aIncludes bibliographical references. 327 $a?Preliminaries -- ?The weierstrass preparation theorem -- ?Local properties of analytic sets -- ?Coherence theorems -- ?Real analytic sets -- ?The normalization theorem -- ?Holomorphic mappings of complex spaces. 410 0$aLecture notes in mathematics (Springer-Verlag) ;$v25. 606 $aFunctions of several complex variables 606 $aAnalytic spaces 606 $aAnalytic sets 615 0$aFunctions of several complex variables. 615 0$aAnalytic spaces. 615 0$aAnalytic sets. 676 $a515.94 700 $aNarasimhan$b Raghavan$041693 801 0$bMiAaPQ 801 1$bMiAaPQ 801 2$bMiAaPQ 906 $aBOOK 912 $a996466766403316 996 $aIntroduction to the theory of analytic spaces$983166 997 $aUNISA LEADER 01782nam0 22003131i 450 001 UON00283914 005 20231205103850.453 100 $a20061116d1911 |0itac50 ba 101 $ager 102 $aDE 105 $a||||0 ||||| 200 1 $aMittelhochdeutsches Wörterbuch zu den deutschen Sprachdenkmälern Böhmens und der mährischen Stadte Brünn, Iglau und Olmütz (XIII bis XVI Jahrhundert)$fvon Franz Jelinek 205 $aHeidelberg : C. Winters Universitätsbuchhandlung$b1911 210 $aXXV$d1028 p. ; 21 cm 215 $aSul front.: Gedruckt mit Unterstützung der Gesellschaft zur Förderung deutscher Wissenchaft, Kunst und Literatur in Böhmen. 410 1$1001UON00283926$12001 $aGermanische Bibliothek. 1: Sammlung germanischer elementar- und Handbücher. 4. Reihe: Wöterbücher$1210 $aHeidelberg$cC. Winters Universitätsbuchhandlung$vBd. 3 606 $aDizionari$3UONC025592$2FI 606 $aDizionari tedeschi$3UONC035392$2FI 606 $aLingua tedesca$x1050-1350$xDizionari$3UONC060867$2FI 620 $aDE$dHeidelberg$3UONL000174 676 $a437$cLingua tedesca. Descriz., analisi, uso, diz. dei dialetti, delle forme antiche$v21 700 1$aJELINEK$bFranz$3UONV164074$0165025 712 $aWinter's Universitätsbuchhandlung$3UONV266031$4650 801 $aIT$bSOL$c20251003$gRICA 899 $aSIBA - SISTEMA BIBLIOTECARIO DI ATENEO$2UONSI 912 $aUON00283914 950 $aSIBA - SISTEMA BIBLIOTECARIO DI ATENEO$dSI S.C VI DIZ 093 $eSI MR 32829 7 093 996 $aMittelhochdeutsches Wörterbuch zu den deutschen Sprachdenkmälern Böhmens und der mährischen Stadte Brünn, Iglau und Olmütz (XIII bis XVI Jahrhundert$91245761 997 $aUNIOR